000 00652nam a22001937a 4500
005 20170626114922.0
008 110711t mx ||||| |||| 00| 0 spa d
020 _a9688872601
050 0 4 _aNA750
_bA53 2002
100 1 _aAnda, Enrique X. de,
_qEnrique Xavier de Anda Alanís
245 1 0 _aHistoria de la arquitectura mexicana /
_cEnrique X. de Anda.
250 _a2a. ed.
260 _aMéxico :
_bGustavo Gili,
_c2002
300 _a253 p. :
_bil. ;
_c20 cm.
504 _aBibliografía: p. 245-253
650 7 _2lemb
_aArquitectura religiosa
_ySiglos XVI-XX
_zMéxico
650 7 _2lemb
_aArquitectura civil
_ySiglo XX
_zMéxico
942 _2lcc
_cLIB
999 _c135072
_d135072